Digits of π (Pi) to 100 decimal digits - Statistics

General Stats
  • This quiz has been taken 497 times
  • The average score is 65 of 101
Answer Stats
Pi Digits % Correct
1
100%
3.
100%
4
100%
1
99%
5
98%
9
98%
2
96%
6
94%
5
93%
8
93%
3
92%
5
92%
7
91%
9
91%
9
91%
2
90%
3
90%
3
90%
4
89%
6
89%
8
89%
2
88%
6
86%
3
84%
3
84%
4
84%
8
84%
2
83%
3
83%
7
83%
5
81%
9
81%
0
80%
2
80%
8
79%
9
78%
4
77%
8
77%
1
76%
7
76%
1
74%
6
74%
9
71%
3
70%
3
70%
9
70%
9
70%
5
69%
7
69%
1
67%
0
66%
0
60%
5
60%
8
60%
2
59%
9
59%
7
58%
9
58%
4
57%
4
54%
4
54%
5
53%
9
53%
0
52%
2
52%
3
52%
7
52%
1
51%
8
51%
0
50%
6
50%
4
49%
6
48%
8
48%
0
47%
2
47%
6
47%
8
47%
2
46%
9
46%
9
46%
8
40%
0
39%
6
39%
8
39%
2
38%
3
38%
4
38%
8
38%
2
36%
5
36%
2
32%
3
32%
4
32%
0
31%
1
31%
6
31%
7
31%
7
31%
1
30%
9
30%
No matching quizzes found
Score Distribution
Percent of People with Each Score
Percentile by Number Answered
Your Score History
You have not taken this quiz